Statistics for All Counties of the United States by Proximity In 5 Minutes

Click here to take the quiz!

General Stats

  • This quiz has been taken 468 times
  • The average score is 2489 of 3142

Answers on the Map

Answers color-coded by a green-red scale on the quiz's map according to % correct below.
 

Answer Stats

StateCounty% Correct
OHAuglaize
100%
INBoone
100%
OHButler
100%
INCarroll
100%
INCass
100%
OHChampaign
100%
OHClark
100%
MOClay
100%
IN | OHClinton
100%
OHDarke
100%
INDelaware
100%
OHFayette
100%
OHGreene
100%
IN | OHHamilton
100%
OHHardin
100%
INJay
100%
KSJefferson
100%
KSLeavenworth
100%
OHLogan
100%
OHMadison
100%
OHMercer
100%
OHMiami
100%
WIMonroe
100%
OHMontgomery
100%
MOPlatte
100%
INRandolph
100%
KSShawnee
100%
OHShelby
100%
INTippecanoe
100%
IN | OHUnion
100%
WIVernon
100%
OHWarren
100%
INWayne
100%
KSWyandotte
100%
IAAdair
98%
WIAdams
98%
ILAlexander
98%
PAAllegheny
98%
OHAllen
98%
KYAnderson
98%
TXAustin
98%
NCAvery
98%
INBartholomew
98%
MOBates
98%
KYBath
98%
INBlackford
98%
GABleckley
98%
ILBond
98%
KYBourbon
98%
KYBoyd
98%
KYBoyle
98%
KYBracken
98%
IN | OHBrown
98%
KYBullitt
98%
NCBuncombe
98%
TXBurleson
98%
LA | NCCaldwell
98%
FLCalhoun
98%
MD | MSCarroll
98%
KYCarter
98%
VAClarke
98%
IN | WIClark
98%
INClay
98%
OHClermont
98%
ALCoffee
98%
TXColorado
98%
WIColumbia
98%
INCrawford
98%
VACulpeper
98%
INDaviess
98%
GADodge
98%
KSDouglas
98%
INDubois
98%
VAFairfax
98%
VAFauquier
98%
AL | IN | PAFayette
98%
NEFillmore
98%
KYFleming
98%
INFloyd
98%
KS | LA | PA | VAFranklin
98%
MDFrederick
98%
KYGarrard
98%
ALGeneva
98%
AR | INGreene
98%
WIGreen Lake
98%
KYGreenup
98%
IAGuthrie
98%
MSHancock
98%
KYHarlan
98%
IN | KY | MSHarrison
98%
IL | NCHenderson
98%
IN | MOHenry
98%
OHHighland
98%
FL | MSHolmes
98%
ARHot Spring
98%
IN | MDHoward
98%
FL | IN | MO | WIJackson
98%
IN | KYJefferson
98%
INJennings
98%
GA | IN | KS | MOJohnson
98%
WIJuneau
98%
KYKenton
98%
GALaurens
98%
IN | OHLawrence
98%
IALee
98%
KYLewis
98%
TXLiberty
98%
KYLincoln
98%
VALoudoun
98%
ILMacoupin
98%
IL | IN | NCMadison
98%
VAManassas Park
98%
VAManassas
98%
IL | MO | TNMarion
98%
INMartin
98%
KYMason
98%
WVMcDowell
98%
KYMeade
98%
KYMenifee
98%
KYMercer
98%
KSMiami
98%
NCMitchell
98%
INMonroe
98%
IL | KY | MDMontgomery
98%
INMorgan
98%
KYNicholas
98%
NENuckolls
98%
KYOldham
98%
INOrange
98%
KSOsage
98%
IN | KYOwen
98%
MSPearl River
98%
KYPendleton
98%
INPerry
98%
OHPickaway
98%
OHPike
98%
NCPolk
98%
WIPortage
98%
OHPreble
98%
VAPrince William
98%
INPutnam
98%
MORalls
98%
VARappahannock
98%
KYRobertson
98%
OHRoss
98%
KYRowan
98%
ARSaline
98%
IN | KY | MOScott
98%
VAStafford
98%
VASuffolk
98%
GATaliaferro
98%
NEThayer
98%
INTipton
98%
KYTrimble
98%
IAUnion
98%
OHVinton
98%
TXWaller
98%
VAWarren
98%
FL | GA | IN | +2 othersWashington
98%
PAWestmoreland
98%
INWhite
98%
GAWilkinson
98%
WIWood
98%
NCYancey
98%
SCAbbeville
96%
KYAdair
96%
CO | IL | IN | +2 othersAdams
96%
VTAddison
96%
MDAllegany
96%
MSAmite
96%
ARAshley
96%
OHAthens
96%
IAAudubon
96%
AL | GABaldwin
96%
KYBallard
96%
MDBaltimore
96%
GABanks
96%
KYBarren
96%
GABarrow
96%
FLBay
96%
PABedford
96%
WVBerkeley
96%
AL | GABibb
96%
VABland
96%
KYBoone
96%
KSBourbon
96%
TXBrazos
96%
KYBreckinridge
96%
VABristol
96%
WVBrooke
96%
ILBrown
96%
MOBuchanan
96%
NCBurke
96%
VTCaledonia
96%
AR | IL | WVCalhoun
96%
KYCampbell
96%
VACaroline
96%
ILCarroll
96%
TNCarter
96%
MNCarver
96%
KYCasey
96%
MOCass
96%
LACatahoula
96%
TXChambers
96%
MDCharles
96%
NCChatham
96%
VAChesapeake
96%
ALChilton
96%
VTChittenden
96%
AL | GA | IAClarke
96%
AR | KY | MOClark
96%
NE | TXClay
96%
IL | KYClinton
96%
TNCocke
96%
TNCoffee
96%
KY | PACumberland
96%
GADade
96%
NEDakota
96%
ALDale
96%
AL | AR | IADallas
96%
INDearborn
96%
GA | INDecatur
96%
AL | MODeKalb
96%
ARDesha
96%
WVDoddridge
96%
ARDrew
96%
LAEast Feliciana
96%
GAElbert
96%
KYElliott
96%
VA | VTEssex
96%
VAFalls Church
96%
IL | KYFayette
96%
TXFort Bend
96%
GA | IL | KY | +3 othersFranklin
96%
VAFredericksburg
96%
VAFrederick
96%
PAFulton
96%
OHGallia
96%
NCGates
96%
MSGeorge
96%
WVGilmer
96%
GAGlascock
96%
VAGoochland
96%
NHGrafton
96%
NCGraham
96%
IN | KY | WIGrant
96%
NCGranville
96%
GA | IL | MS | +2 othersGreene
96%
WIGreen
96%
TXGrimes
96%
TNGrundy
96%
FLGulf
96%
GAGwinnett
96%
NEHall
96%
ILHamilton
96%
GA | IL | TNHancock
96%
VAHanover
96%
KY | TXHardin
96%
MDHarford
96%
NCHarnett
96%
IA | WVHarrison
96%
GA | KYHart
96%
TNHawkins
96%
NCHaywood
96%
ARHempstead
96%
INHendricks
96%
VAHenrico
96%
GAHenry
96%
OHHocking
96%
AL | GAHouston
96%
ARHoward
96%
INHuntington
96%
WIIowa
96%
AL | GA | IA | +3 othersJackson
96%
GA | INJasper
96%
GA | IL | NE | +3 othersJefferson
96%
KYJessamine
96%
KSJewell
96%
ILJo Daviess
96%
ILJohnson
96%
NCJohnston
96%
GAJones
96%
VAKing George
96%
COKit Carson
96%
WILafayette
96%
VTLamoille
96%
PALancaster
96%
TNLauderdale
96%
KY | NC | TX | VALee
96%
MOLewis
96%
FLLiberty
96%
GALincoln
96%
KSLinn
96%
VALouisa
96%
GA | NCMacon
96%
IA | KY | VAMadison
96%
IN | KY | WVMarion
96%
KS | WVMarshall
96%
WVMason
96%
SCMcCormick
96%
ILMcDonough
96%
NCMcDowell
96%
GAMcDuffie
96%
OHMeigs
96%
NEMerrick
96%
KYMetcalfe
96%
INMiami
96%
ALMobile
96%
WVMonongalia
96%
AL | GA | PAMonroe
96%
TXMontague
96%
TXMontgomery
96%
LAMorehouse
96%
GA | IL | OH | WVMorgan
96%
KYNelson
96%
KSNemaha
96%
GANewton
96%
IAO'Brien
96%
GAOconee
96%
GAOglethorpe
96%
WVOhio
96%
TX | VA | VTOrange
96%
VTOrleans
96%
VAPage
96%
INParke
96%
NEPawnee
96%
MS | OH | PAPerry
96%
AR | IL | MOPike
96%
MNPipestone
96%
WVPleasants
96%
KSPottawatomie
96%
KYPowell
96%
VAPowhatan
96%
ARPrairie
96%
WVPreston
96%
IN | KYPulaski
96%
GAPutnam
96%
WIRichland
96%
VARichmond
96%
INRipley
96%
WVRitchie
96%
WVRoane
96%
KYRockcastle
96%
GARockdale
96%
MNRock
96%
KYRussell
96%
VTRutland
96%
IL | NESaline
96%
WISauk
96%
ILSchuyler
96%
OHScioto
96%
IL | VAScott
96%
GASeminole
96%
TNSevier
96%
IAShelby
96%
VAShenandoah
96%
NJSomerset
96%
KYSpencer
96%
INStarke
96%
ILSt. Clair
96%
ILStephenson
96%
LASt. Helena
96%
LASt. John the Baptist
96%
INSt. Joseph
96%
MSStone
96%
NH | TNSullivan
96%
NCSwain
96%
WVTaylor
96%
NEThurston
96%
GATwiggs
96%
WVTyler
96%
TNUnicoi
96%
NCVance
96%
MOVernon
96%
INWabash
96%
NCWake
96%
TXWalker
96%
FL | GAWalton
96%
WIWalworth
96%
GA | NJWarren
96%
IL | KY | OH | +3 othersWashington
96%
NCWatauga
96%
KYWayne
96%
TNWeakley
96%
MSWebster
96%
INWells
96%
WVWetzel
96%
GAWheeler
96%
ILWhite
96%
GA | NCWilkes
96%
MSWilkinson
96%
ILWilliamson
96%
OHWilliams
96%
VAWinchester
96%
VTWindsor
96%
WIWinnebago
96%
WVWirt
96%
VAWise
96%
KYWolfe
96%
IAWoodbury
96%
KYWoodford
96%
WVWood
96%
PAYork
96%
IA | ID | MS | +2 othersAdams
95%
VAAlexandria
95%
IN | KYAllen
95%
VAArlington
95%
KS | MOAtchison
95%
ORBaker
95%
MOBarry
95%
PABeaver
95%
TNBedford
95%
KYBell
95%
OHBelmont
95%
IN | TNBenton
95%
NJBergen
95%
TNBledsoe
95%
MSBolivar
95%
MOBollinger
95%
IABoone
95%
KYBreathitt
95%
MA | RIBristol
95%
NYBronx
95%
SDBrookings
95%
VABuchanan
95%
VABuckingham
95%
NEBurt
95%
NEButler
95%
GAButts
95%
LACalcasieu
95%
WICalumet
95%
LACameron
95%
TNCannon
95%
IDCanyon
95%
MOCape Girardeau
95%
KYCarroll
95%
IACass
95%
IA | MOCedar
95%
AL | NCCherokee
95%
ARChicot
95%
ALChoctaw
95%
MSClaiborne
95%
MSClarke
95%
IA | IL | KY | +3 othersClay
95%
COClear Creek
95%
ARCleveland
95%
MOClinton
95%
NEColfax
95%
AR | GAColumbia
95%
TXCooke
95%
MSCopiah
95%
MSCovington
95%
NCCraven
95%
GA | IACrawford
95%
TNCrockett
95%
ARCross
95%
ALCullman
95%
VACumberland
95%
MODallas
95%
VADanville
95%
PADauphin
95%
TNDeKalb
95%
VADickenson
95%
KSDoniphan
95%
NCDurham
95%
KYEdmonson
95%
ILEdwards
95%
COElbert
95%
NJEssex
95%
KYEstill
95%
ALEtowah
95%
CTFairfield
95%
TXFayette
95%
WIFond du Lac
95%
IN | MSFranklin
95%
INFulton
95%
IL | KYGallatin
95%
ARGarland
95%
KSGeary
95%
IDGem
95%
IN | TNGibson
95%
TNGrainger
95%
AR | WAGrant
95%
VAGreene
95%
KYGreen
95%
OHGuernsey
95%
TNHamblen
95%
NE | TNHamilton
95%
WVHampshire
95%
IN | KY | WVHancock
95%
WVHardy
95%
VAHarrisonburg
95%
OHHarrison
95%
TNHaywood
95%
IA | KY | TN | VAHenry
95%
MOHickory
95%
NEHoward
95%
NJHudson
95%
NJHunterdon
95%
PAHuntingdon
95%
IAIda
95%
ARIndependence
95%
IAIowa
95%
ARIzard
95%
AR | IL | KY | MSJackson
95%
IAJasper
95%
AR | IA | MS | +2 othersJefferson
95%
ILJersey
95%
IA | NE | TNJohnson
95%
MSJones
95%
WVKanawha
95%
RIKent
95%
IAKeokuk
95%
NYKings
95%
INKnox
95%
WILa Crosse
95%
GALamar
95%
NELancaster
95%
AL | AR | MSLawrence
95%
MSLeake
95%
MSLeflore
95%
MNLe Sueur
95%
KYLetcher
95%
WVLewis
95%
ALLimestone
95%
AR | MO | MS | +3 othersLincoln
95%
IALinn
95%
LALivingston
95%
ARLogan
95%
ARLonoke
95%
IALouisa
95%
IALucas
95%
TNMacon
95%
AL | LA | MO | +2 othersMadison
95%
IAMahaska
95%
IA | MSMarion
95%
AL | INMarshall
95%
VAMartinsville
95%
SDMcCook
95%
MOMcDonald
95%
GAMcIntosh
95%
TNMcMinn
95%
NHMerrimack
95%
IAMills
95%
WIMilwaukee
95%
SDMinnehaha
95%
IAMonona
95%
AR | IL | KY | OHMonroe
95%
NC | TNMoore
95%
AL | KYMorgan
95%
NJMorris
95%
GAMurray
95%
IAMuscatine
95%
OHMuskingum
95%
NYNassau
95%
VANelson
95%
MSNeshoba
95%
ARNevada
95%
CTNew London
95%
RINewport
95%
NYNew York
95%
IN | OHNoble
95%
MONodaway
95%
VANorton
95%
INOhio
95%
MSOktibbeha
95%
NC | NYOrange
95%
LAOrleans
95%
AROuachita
95%
KYOwsley
95%
NJPassaic
95%
IDPayette
95%
WVPendleton
95%
WIPepin
95%
IL | MOPerry
95%
NCPerson
95%
GAPickens
95%
TNPickett
95%
GA | KY | MS | PAPike
95%
VAPittsylvania
95%
IAPlymouth
95%
ARPoinsett
95%
IA | MO | TNPolk
95%
IAPottawattamie
95%
IAPoweshiek
95%
RIProvidence
95%
AR | GAPulaski
95%
NY | WVPutnam
95%
NYQueens
95%
WIRacine
95%
AR | IL | NCRandolph
95%
KSRepublic
95%
NYRichmond
95%
KSRiley
95%
IARinggold
95%
TXRobertson
95%
VARockingham
95%
ILRock Island
95%
NYRockland
95%
INRush
95%
VARussell
95%
NC | TNRutherford
95%
NESaunders
95%
GASchley
95%
IAScott
95%
NESeward
95%
ARSharp
95%
WISheboygan
95%
IN | KYShelby
95%
KSSmith
95%
VASmyth
95%
INSpencer
95%
VASpotsylvania
95%
NCStanly
95%
MOSt. Charles
95%
MOSt. Clair
95%
MOSte. Genevieve
95%
MOSt. Francois
95%
MOSt. Louis City
95%
MOSt. Louis
95%
LASt. Tammany
95%
NYSullivan
95%
NJSussex
95%
INSwitzerland
95%
GATalbot
95%
LATangipahoa
95%
TXTarrant
95%
GA | KYTaylor
95%
VATazewell
95%
LATensas
95%
TNTipton
95%
CTTolland
95%
GATowns
95%
GATreutlen
95%
SDTurner
95%
ALTuscaloosa
95%
AR | GA | IL | +2 othersUnion
95%
GAUpson
95%
TNVan Buren
95%
OHVan Wert
95%
MNWabasha
95%
ILWabash
95%
MSWalthall
95%
IAWapello
95%
IA | KY | MO | TNWarren
95%
INWarrick
95%
AL | CO | IA | +4 othersWashington
95%
IL | MS | PAWayne
95%
LAWest Carroll
95%
NYWestchester
95%
TXWharton
95%
TNWhite
95%
INWhitley
95%
TNWilliamson
95%
CTWindham
95%
TXWise
95%
VAWythe
95%
NEYork
95%
OKAdair
93%
NCAlamance
93%
NYAlbany
93%
VAAlbemarle
93%
NCAlleghany
93%
VAAmherst
93%
KSAnderson
93%
MOAndrew
93%
MEAndroscoggin
93%
TXArcher
93%
ARArkansas
93%
PAArmstrong
93%
NCAshe
93%
MSAttala
93%
VAAugusta
93%
GABaker
93%
NCBeaufort
93%
AR | IABenton
93%
NCBertie
93%
ARBradley
93%
KSBrown
93%
GABurke
93%
KY | PAButler
93%
NCCabarrus
93%
WVCabell
93%
GACandler
93%
AR | OHCarroll
93%
OKCarter
93%
NCCaswell
93%
VACharles City
93%
VACharlottesville
93%
GACherokee
93%
VAChesterfield
93%
IL | MOChristian
93%
ORClackamas
93%
KSClay
93%
ARCleburne
93%
KSCloud
93%
VAColonial Heights
93%
OHColumbiana
93%
MNCottonwood
93%
ARCraighead
93%
OKCraig
93%
ARCrawford
93%
TNCumberland
93%
IADavis
93%
GADawson
93%
IADecatur
93%
NY | OHDelaware
93%
TXDenton
93%
IADes Moines
93%
SDDeuel
93%
VADinwiddie
93%
DCDistrict of Columbia
93%
NEDouglas
93%
MADukes
93%
TNDyer
93%
NCEdgecombe
93%
ILEffingham
93%
GAEmanuel
93%
OHFairfield
93%
GAFannin
93%
TNFentress
93%
GAFloyd
93%
VAFluvanna
93%
MSForrest
93%
GAForsyth
93%
INFountain
93%
AR | MO | NEFranklin
93%
NYFulton
93%
FLGadsden
93%
VAGalax
93%
OKGarvin
93%
MOGasconade
93%
TNGiles
93%
GAGilmer
93%
VAGloucester
93%
GAGrady
93%
KYGraves
93%
KSGray
93%
KY | VAGrayson
93%
IA | MO | NYGreene
93%
NCGuilford
93%
GAHabersham
93%
VAHalifax
93%
GAHall
93%
SDHamlin
93%
VAHampton
93%
MNHennepin
93%
MOHolt
93%
VAHopewell
93%
SDHutchinson
93%
PAIndiana
93%
MOIron
93%
ILIroquois
93%
VAIsle of Wight
93%
KS | MN | TNJackson
93%
VAJames City
93%
MSJefferson Davis
93%
GAJenkins
93%
ARJohnson
93%
PAJuniata
93%
ILKankakee
93%
NEKearney
93%
SDKingsbury
93%
MOKnox
93%
INKosciusko
93%
FL | IN | SDLake
93%
MSLamar
93%
INLaPorte
93%
KYLaRue
93%
LALaSalle
93%
KYLaurel
93%
MO | PA | TNLawrence
93%
PALebanon
93%
MN | WVLincoln
93%
OKLove
93%
GALumpkin
93%
MNLyon
93%
ARMadison
93%
ALMarengo
93%
MOMaries
93%
GA | OHMarion
93%
WIMarquette
93%
NCMartin
93%
ILMcHenry
93%
KSMeade
93%
NC | VAMecklenburg
93%
TNMeigs
93%
ILMercer
93%
GAMeriwether
93%
ARMississippi
93%
IAMonroe
93%
GA | NYMontgomery
93%
SDMoody
93%
CO | TNMorgan
93%
TXMorris
93%
MNMurray
93%
NENance
93%
VANew Kent
93%
VANewport News
93%
AR | IN | MSNewton
93%
MANorfolk
93%
SCOconee
93%
OKOsage
93%
NEOtoe
93%
NYOtsego
93%
KS | OKOttawa
93%
LAOuachita
93%
TNOverton
93%
NCPamlico
93%
VAPetersburg
93%
AL | SCPickens
93%
INPike
93%
NCPitt
93%
MAPlymouth
93%
AR | ORPolk
93%
ARPope
93%
VAPoquoson
93%
VAPortsmouth
93%
INPosey
93%
VAPrince George
93%
TNPutnam
93%
GARabun
93%
MNRedwood
93%
NYRensselaer
93%
MOReynolds
93%
IL | LARichland
93%
GARichmond
93%
NCRockingham
93%
OKRogers
93%
NCRowan
93%
IASac
93%
SDSanborn
93%
TXSan Jacinto
93%
NYSaratoga
93%
NESarpy
93%
NYSchenectady
93%
MSScott
93%
ARSebastian
93%
TNSequatchie
93%
KSSeward
93%
MOShannon
93%
KYSimpson
93%
TNSmith
93%
VASouthampton
93%
GASpalding
93%
VAStaunton
93%
GAStephens
93%
INSteuben
93%
LASt. James
93%
AR | MOStone
93%
IAStory
93%
COSummit
93%
FLSumter
93%
VASurry
93%
VASussex
93%
MOTaney
93%
TXTitus
93%
NCTransylvania
93%
TNTrousdale
93%
NYUlster
93%
IAVan Buren
93%
INVigo
93%
FLVolusia
93%
NCWarren
93%
AR | KS | OK | ORWashington
93%
VAWaynesboro
93%
WVWayne
93%
GA | IA | MO | NEWebster
93%
AR | GAWhite
93%
TXWichita
93%
GAWilcox
93%
VAWilliamsburg
93%
TNWilson
93%
ORYamhill
93%
MSYazoo
93%
VAYork
93%
COYuma
93%
MSAlcorn
91%
SCAnderson
91%
MNAnoka
91%
GAAppling
91%
COArapahoe
91%
WVBarbour
91%
WIBarron
91%
TXBastrop
91%
NHBelknap
91%
MSBenton
91%
AL | TNBlount
91%
IL | WVBoone
91%
COBoulder
91%
WVBraxton
91%
COBroomfield
91%
IABuena Vista
91%
NEBuffalo
91%
MOButler
91%
MOCaldwell
91%
GA | IA | MSCalhoun
91%
KYCarlisle
91%
IA | NH | TNCarroll
91%
IL | NECass
91%
NCCatawba
91%
GAChattooga
91%
KSChautauqua
91%
SCCherokee
91%
TNChester
91%
MNChisago
91%
MSChoctaw
91%
LA | TNClaiborne
91%
KS | WAClark
91%
ORClatsop
91%
ARClay
91%
IAClayton
91%
NCCleveland
91%
FL | ORColumbia
91%
ALCoosa
91%
OHCoshocton
91%
WACowlitz
91%
MOCrawford
91%
OKCreek
91%
NECuming
91%
MODade
91%
WIDane
91%
KYDaviess
91%
TNDecatur
91%
OKDelaware
91%
MODent
91%
CODenver
91%
NE | WIDodge
91%
CO | MODouglas
91%
WIDunn
91%
NYDutchess
91%
LAEast Carroll
91%
KSElk
91%
IAEmmet
91%
GA | TNFayette
91%
KSFinney
91%
FLFlagler
91%
KSFord
91%
VTFranklin
91%
GA | IL | OHFulton
91%
NEGage
91%
NCGaston
91%
VAGiles
91%
NEGosper
91%
VTGrand Isle
91%
KSGrant
91%
NCGreene
91%
ILGrundy
91%
SDHaakon
91%
FL | IA | NYHamilton
91%
SDHanson
91%
TNHardeman
91%
KSHaskell
91%
TNHenderson
91%
KYHickman
91%
MSHinds
91%
MSHumphreys
91%
NCIredell
91%
MNIsanti
91%
MSIssaquena
91%
LAJackson
91%
CO | MO | OKJefferson
91%
ILKane
91%
MSKemper
91%
MDKent
91%
KYKnox
91%
KSLabette
91%
TNLake
91%
MSLauderdale
91%
ILLawrence
91%
MILenawee
91%
FLLeon
91%
TNLewis
91%
NCLincoln
91%
GALowndes
91%
IALyon
91%
KYMagoffin
91%
WIMarathon
91%
FL | OR | TXMarion
91%
IA | TNMarshall
91%
KYMcCreary
91%
TNMcNairy
91%
NJ | WVMercer
91%
CTMiddlesex
91%
TXMilam
91%
GAMiller
91%
WVMineral
91%
MI | WVMonroe
91%
IN | KS | MOMontgomery
91%
ORMultnomah
91%
OKMurray
91%
NCNash
91%
MNNobles
91%
VANorfolk
91%
NCNorthampton
91%
OKNowata
91%
MSNoxubee
91%
KYOhio
91%
FLOrange
91%
FL | IAOsceola
91%
IAPalo Alto
91%
TXParker
91%
COPark
91%
OKPawnee
91%
GAPeach
91%
GA | WIPierce
91%
FL | NEPolk
91%
ILPope
91%
OHPortage
91%
INPorter
91%
FLPutnam
91%
MNRamsey
91%
GARandolph
91%
MSRankin
91%
TNRhea
91%
TNRoane
91%
WIRock
91%
MTSanders
91%
MOScotland
91%
FLSeminole
91%
ARSevier
91%
MSSharkey
91%
MIShiawassee
91%
PASnyder
91%
SCSpartanburg
91%
NEStanton
91%
LASt. Bernard
91%
ALSt. Clair
91%
WISt. Croix
91%
OKStephens
91%
KSStevens
91%
ARSt. Francis
91%
MOStoddard
91%
WVSummers
91%
TNSumner
91%
GASumter
91%
MSSunflower
91%
GATattnall
91%
IA | WITaylor
91%
GATelfair
91%
ORTillamook
91%
MSTippah
91%
WVTucker
91%
OKTulsa
91%
OHTuscarawas
91%
TNUnion
91%
ARVan Buren
91%
VAVirginia Beach
91%
KSWabaunsee
91%
WAWahkiakum
91%
ALWalker
91%
INWarren
91%
MN | MO | NE | WIWashington
91%
WIWaukesha
91%
GA | NCWayne
91%
GAWhitfield
91%
KYWhitley
91%
ILWill
91%
KS | NCWilson
91%
ILWinnebago
91%
LAWinn
91%
ARWoodruff
91%
TXWood
91%
MOWorth
91%
WVWyoming
91%
SCYork
91%
SCAiken
89%
IAAllamakee
89%
VAAlleghany
89%
KSAllen
89%
IAAppanoose
89%
MOAudrain
89%
GABartow
89%
OKBeaver
89%
GABen Hill
89%
PABerks
89%
GABerrien
89%
LABienville
89%
PABlair
89%
MNBlue Earth
89%
IDBoise
89%
TXBowie
89%
MNBrown
89%
PABucks
89%
WIBuffalo
89%
GABulloch
89%
KYCaldwell
89%
MOCallaway
89%
MOCamden
89%
TXCamp
89%
MOCarroll
89%
MOCarter
89%
TXCass
89%
GACatoosa
89%
MDCecil
89%
NECedar
89%
OKCherokee
89%
PA | SCChester
89%
NCChowan
89%
PAClarion
89%
GA | MSClay
89%
GAClayton
89%
GAClinch
89%
GAColquitt
89%
KSComanche
89%
LAConcordia
89%
GACook
89%
TXCottle
89%
OKCotton
89%
GACoweta
89%
VACraig
89%
OH | WICrawford
89%
GACrisp
89%
MECumberland
89%
MNDakota
89%
SDDavison
89%
GADeKalb
89%
NEDixon
89%
GADooly
89%
MODunklin
89%
GAEarly
89%
GAEchols
89%
ILEdgar
89%
SCEdgefield
89%
NYEssex
89%
GAEvans
89%
WVFayette
89%
PAForest
89%
WAFranklin
89%
MDGarrett
89%
MOGentry
89%
COGilpin
89%
MNGoodhue
89%
COGrand
89%
SCGreenville
89%
TXGregg
89%
MOHarrison
89%
OHHenry
89%
VAHighland
89%
MNHouston
89%
IAHumboldt
89%
TXJack
89%
ILJasper
89%
FL | LAJefferson
89%
KYJohnson
89%
WIKenosha
89%
WAKitsap
89%
MOLaclede
89%
LALafourche
89%
ILLake
89%
GALanier
89%
ALLauderdale
89%
TXLavaca
89%
GALee
89%
OHLicking
89%
LALincoln
89%
CTLitchfield
89%
CO | WVLogan
89%
CALos Angeles
89%
MSLowndes
89%
FL | MSMadison
89%
ARMarion
89%
MNMartin
89%
TNMaury
89%
OKMayes
89%
NJMiddlesex
89%
ARMiller
89%
SDMiner
89%
GAMitchell
89%
MO | TNMonroe
89%
ARMontgomery
89%
OHMorrow
89%
MONew Madrid
89%
TNObion
89%
NJOcean
89%
OKOkfuskee
89%
NYOneida
89%
CAOrange
89%
KSOsborne
89%
NCPasquotank
89%
MOPemiscot
89%
NCPerquimans
89%
TNPerry
89%
MOPhelps
89%
NEPlatte
89%
IAPocahontas
89%
GA | WIPolk
89%
VAPulaski
89%
GAQuitman
89%
WVRaleigh
89%
LARed River
89%
MNRice
89%
MESagadahoc
89%
NCSampson
89%
MNScott
89%
ARSearcy
89%
OHSeneca
89%
MOShelby
89%
MSSimpson
89%
IASioux
89%
MS | TXSmith
89%
CASonoma
89%
LASt. Charles
89%
INSullivan
89%
OHSummit
89%
ALTalladega
89%
WITrempealeau
89%
TXTrinity
89%
NCTyrrell
89%
KY | LA | SC | SDUnion
89%
TXUpshur
89%
ILVermilion
89%
INVermillion
89%
TXVictoria
89%
OKWagoner
89%
GAWalker
89%
MS | NYWarren
89%
NC | NYWashington
89%
WIWaupaca
89%
WIWaushara
89%
LAWebster
89%
ALWinston
89%
ARYell
89%
IDAda
88%
NCAlexander
88%
MIAllegan
88%
NCAnson
88%
LABeauregard
88%
VABedford
88%
VTBennington
88%
MIBerrien
88%
ARBoone
88%
VABotetourt
88%
TNBradley
88%
GABrantley
88%
GABrooks
88%
ALButler
88%
IDCamas
88%
PACambria
88%
NCCamden
88%
GA | VACarroll
88%
IACherokee
88%
WIChippewa
88%
ID | SDClark
88%
SDClay
88%
MIClinton
88%
GACobb
88%
KSCoffey
88%
OKComanche
88%
ARConway
88%
NCCurrituck
88%
TNDavidson
88%
NEDawson
88%
SDDay
88%
IADelaware
88%
IADickinson
88%
IADubuque
88%
WIEau Claire
88%
PAElk
88%
IDElmore
88%
MNFaribault
88%
KY | VAFloyd
88%
TXFoard
88%
AL | TXFranklin
88%
TXFreestone
88%
IA | IDFremont
88%
KYFulton
88%
GAGlynn
88%
SDGrant
88%
TXGrayson
88%
NEGreeley
88%
WVGreenbrier
88%
TXHardeman
88%
IL | TNHardin
88%
GAHarris
88%
TXHaskell
88%
GAHeard
88%
ALHenry
88%
NCHertford
88%
NDHettinger
88%
TXHood
88%
TXHouston
88%
WAIsland
88%
TXJackson
88%
MO | MSJasper
88%
ID | PAJefferson
88%
IAJones
88%
VAKing and Queen
88%
VAKing William
88%
IAKossuth
88%
AR | FL | MOLafayette
88%
ALLamar
88%
SCLaurens
88%
ARLee
88%
OK | WILincoln
88%
MILivingston
88%
GALong
88%
OHLorain
88%
TNLoudon
88%
IDMadison
88%
OHMahoning
88%
ALMarion
88%
OK | SDMarshall
88%
ILMassac
88%
OKMcClain
88%
PAMcKean
88%
OHMedina
88%
VAMiddlesex
88%
MOMississippi
88%
NJMonmouth
88%
MS | PAMontgomery
88%
CANapa
88%
SCNewberry
88%
MONewton
88%
WVNicholas
88%
PANorthampton
88%
MIOakland
88%
ILOgle
88%
FLOkaloosa
88%
MIOttawa
88%
OHPaulding
88%
SDPerkins
88%
ARPerry
88%
NEPhelps
88%
ARPhillips
88%
COPitkin
88%
WVPocahontas
88%
MSPrentiss
88%
MSQuitman
88%
VARadford
88%
TXRains
88%
ALRandolph
88%
MORay
88%
OHSandusky
88%
MOSchuyler
88%
PASchuylkill
88%
ARScott
88%
OKSeminole
88%
OKSequoyah
88%
ALShelby
88%
NESherman
88%
NDStark
88%
ALSumter
88%
FLSuwannee
88%
LATerrebonne
88%
GA | NEThomas
88%
OKTillman
88%
GATroup
88%
TXVan Zandt
88%
PAVenango
88%
FLWakulla
88%
WAWalla Walla
88%
PAWarren
88%
MSWashington
88%
MNWatonwan
88%
IA | MOWayne
88%
LAWest Feliciana
88%
ALWilcox
88%
VTWindham
88%
MNWinona
88%
OHWood
88%
MOWright
88%
SDYankton
88%
MOAdair
86%
FLAlachua
86%
TNAnderson
86%
OHAshtabula
86%
LAAvoyelles
86%
MOBarton
86%
IDBear Lake
86%
IDBingham
86%
SDBon Homme
86%
IDBonneville
86%
FLBradford
86%
FLBroward
86%
IDButte
86%
MDCalvert
86%
GACamden
86%
PACameron
86%
TNCampbell
86%
MOChariton
86%
GAChattahoochee
86%
MSChickasaw
86%
ILClark
86%
PAClearfield
86%
OKCleveland
86%
IAClinton
86%
GACoffee
86%
TXCollingsworth
86%
WAColumbia
86%
ILCook
86%
VACovington
86%
ILCrawford
86%
ARCrittenden
86%
NECuster
86%
OHCuyahoga
86%
NCDavidson
86%
NCDavie
86%
TNDickson
86%
GADougherty
86%
ILDuPage
86%
COEl Paso
86%
OHErie
86%
ID | VAFranklin
86%
MTGallatin
86%
OHGeauga
86%
GAGordon
86%
NEHarlan
86%
ILHenry
86%
NYHerkimer
86%
MIHillsdale
86%
TXHill
86%
MIIsabella
86%
MSItawamba
86%
MIJackson
86%
TXJasper
86%
MTJefferson
86%
ILKendall
86%
MEKennebec
86%
KYKnott
86%
TNKnox
86%
MNLake
86%
VALancaster
86%
KYLawrence
86%
MSLee
86%
PALehigh
86%
KYLeslie
86%
NYLewis
86%
KS | WYLincoln
86%
ARLittle River
86%
OKLogan
86%
ALLowndes
86%
MTMadison
86%
KYMartin
86%
VAMathews
86%
MIMecosta
86%
WIMenominee
86%
PAMifflin
86%
WVMingo
86%
KSMitchell
86%
MSMonroe
86%
MIMontcalm
86%
VAMontgomery
86%
GAMuscogee
86%
VANorthumberland
86%
OKOklahoma
86%
NYOswego
86%
OHOttawa
86%
WIOzaukee
86%
FLPasco
86%
MEPenobscot
86%
KYPerry
86%
PAPhiladelphia
86%
MSPontotoc
86%
OKPottawatomie
86%
MDPrince George's
86%
ILPulaski
86%
OHPutnam
86%
MDQueen Anne's
86%
TXRed River
86%
NERichardson
86%
VARichmond
86%
UTRich
86%
VARoanoke
86%
ALRussell
86%
VASalem
86%
MOSaline
86%
GAScreven
86%
WIShawano
86%
MNSherburne
86%
MTSilver Bow
86%
OHStark
86%
GAStewart
86%
CASutter
86%
FLTaylor
86%
IDTeton
86%
GATurner
86%
TXTyler
86%
FLUnion
86%
MIVan Buren
86%
MIWashtenaw
86%
MIWayne
86%
COWeld
86%
MSWinston
86%
MNWright
86%
NDAdams
84%
MDAnne Arundel
84%
KSBarton
84%
MOBenton
84%
IDBonner
84%
NEBoone
84%
NJBurlington
84%
NJCamden
84%
PACarbon
84%
IDCaribou
84%
COChaffee
84%
NEChase
84%
TNCheatham
84%
COCheyenne
84%
FLCitrus
84%
FLClay
84%
SDCodington
84%
NYColumbia
84%
CAContra Costa
84%
MNCook
84%
KYCrittenden
84%
COCrowley
84%
NCDare
84%
PADelaware
84%
NCDuplin
84%
COEagle
84%
INElkhart
84%
KSEllis
84%
VAEmporia
84%
SCFairfield
84%
ARFaulkner
84%
IAFayette
84%
FLGilchrist
84%
TXGoliad
84%
VAGreensville
84%
SCGreenwood
84%
NCHalifax
84%
SDHarding
84%
OKHarper
84%
FLHernando
84%
TNHouston
84%
OHHuron
84%
NCHyde
84%
MIIngham
84%
UTIron
84%
ALJefferson
84%
MIKalamazoo
84%
OKKingfisher
84%
COKiowa
84%
CO | OHLake
84%
SCLancaster
84%
NCLenoir
84%
COLincoln
84%
OHLucas
84%
VALynchburg
84%
AL | MOMacon
84%
KYMarshall
84%
IAMontgomery
84%
MOMorgan
84%
OKNoble
84%
VANorthampton
84%
MIOceana
84%
TXPalo Pinto
84%
VAPatrick
84%
OKPayne
84%
MOPettis
84%
LAPointe Coupee
84%
MOPutnam
84%
WVRandolph
84%
TXRefugio
84%
KSRice
84%
KSRussell
84%
SCSaluda
84%
NYSchoharie
84%
PASomerset
84%
WASpokane
84%
WAStevens
84%
TNStewart
84%
MNSt. Louis
84%
ALTallapoosa
84%
IATama
84%
GATerrell
84%
MSTishomingo
84%
KYTodd
84%
OHTrumbull
84%
MSUnion
84%
ILWhiteside
84%
IAWright
84%
MSYalobusha
84%
CAYolo
84%
CAAlameda
82%
LAAscension
82%
ALBarbour
82%
SCBarnwell
82%
VABath
82%
WIBayfield
82%
TXBaylor
82%
MIBenzie
82%
NEBlaine
82%
LABossier
82%
AKBristol Bay
82%
NYBroome
82%
TXCalhoun
82%
ALChambers
82%
ILChampaign
82%
NYChenango
82%
MNChippewa
82%
MIClare
82%
ALCleburne
82%
MSCoahoma
82%
CAColusa
82%
NCCumberland
82%
OHDefiance
82%
INDeKalb
82%
GAEffingham
82%
TXEllis
82%
KSEllsworth
82%
WIForest
82%
WAGarfield
82%
NYGenesee
82%
CAGlenn
82%
MIGrand Traverse
82%
LA | NDGrant
82%
COGunnison
82%
MEHancock
82%
GAHaralson
82%
TXHarrison
82%
TXHarris
82%
TNHickman
82%
KSHodgeman
82%
NCHoke
82%
OKHughes
82%
TNHumphreys
82%
TXHunt
82%
GAJeff Davis
82%
SCKershaw
82%
NEKnox
82%
AKLake and Peninsula
82%
MILake
82%
WILanglade
82%
SDLawrence
82%
ALLee
82%
ME | NELincoln
82%
KY | MO | NYLivingston
82%
NELogan
82%
NELoup
82%
KYLyon
82%
NE | NYMadison
82%
MIManistee
82%
MI | WAMason
82%
OKMcCurtain
82%
KSMcPherson
82%
SDMeade
82%
ILMenard
82%
MOMercer
82%
FLMiami-Dade
82%
MIMissaukee
82%
ALMontgomery
82%
FLNassau
82%
LANatchitoches
82%
TXNavarro
82%
MINewaygo
82%
DENew Castle
82%
TXNewton
82%
OKOkmulgee
82%
WIOneida
82%
MOOregon
82%
MIOsceola
82%
IDOwyhee
82%
GAPaulding
82%
ALPerry
82%
NEPierce
82%
OHRichland
82%
MORipley
82%
NHRockingham
82%
ILSangamon
82%
CASan Mateo
82%
NDSlope
82%
MISt. Joseph
82%
NYSt. Lawrence
82%
MOSullivan
82%
NCSurry
82%
GAToombs
82%
MSTunica
82%
IDValley
82%
WIVilas
82%
ORWallowa
82%
ILWarren
82%
ME | UTWashington
82%
NEWayne
82%
VAWestmoreland
82%
MIWexford
82%
NEWheeler
82%
WAWhitman
82%
TXWilbarger
82%
NYWyoming
82%
MNYellow Medicine
82%
TXYoung
82%
SCAllendale
81%
NEAntelope
81%
GAAtkinson
81%
KSBarber
81%
MIBarry
81%
SDBennett
81%
MABerkshire
81%
NDBowman
81%
MIBranch
81%
SDBrown
81%
GA | OKBryan
81%
SDButte
81%
AL | MICalhoun
81%
KYCalloway
81%
GAChatham
81%
NECherry
81%
SCChesterfield
81%
KYChristian
81%
WAClallam
81%
ALConecuh
81%
NJCumberland
81%
TXDallas
81%
ILDeKalb
81%
KSDickinson
81%
MDDorchester
81%
IL | WADouglas
81%
ALElmore
81%
ALEscambia
81%
MAEssex
81%
TXFisher
81%
MTFlathead
81%
ARFulton
81%
NEGarfield
81%
NJGloucester
81%
ALHale
81%
OHHancock
81%
OKHarmon
81%
KYHopkins
81%
MOHoward
81%
MIIonia
81%
GAIrwin
81%
NY | WAJefferson
81%
TXJohnson
81%
ORJosephine
81%
MIKalkaska
81%
DEKent
81%
OKKiowa
81%
ME | OHKnox
81%
PALackawanna
81%
MNLac qui Parle
81%
CA | MT | ORLake
81%
COLarimer
81%
GALiberty
81%
GAMadison
81%
TXMatagorda
81%
CAMendocino
81%
MTMineral
81%
MTMissoula
81%
NYNiagara
81%
NYOnondaga
81%
NYOrleans
81%
IAPage
81%
WIPrice
81%
TNRobertson
81%
TXRusk
81%
NJSalem
81%
KSSaline
81%
WASan Juan
81%
ILShelby
81%
FLSt. Johns
81%
TXStonewall
81%
COTeller
81%
NYTioga
81%
NYTompkins
81%
INVanderburgh
81%
MEWaldo
81%
ORWheeler
81%
NCYadkin
81%
OHAshland
79%
NJAtlantic
79%
GABacon
79%
ARBaxter
79%
ORBenton
79%
IDBlaine
79%
TXBosque
79%
MTBroadwater
79%
VABrunswick
79%
VACampbell
79%
NYCattaraugus
79%
NYCayuga
79%
IAChickasaw
79%
TXChildress
79%
TXCollin
79%
NYCortland
79%
ORCrook
79%
MODaviess
79%
MTDeer Lodge
79%
ORDeschutes
79%
TXDeWitt
79%
FLDixie
79%
GADouglas
79%
FLDuval
79%
KSEdwards
79%
WAFerry
79%
NEFrontier
79%
WAGrays Harbor
79%
ALGreene
79%
OKGreer
79%
KSHarper
79%
KYHenderson
79%
OHHolmes
79%
LAIberville
79%
CO | OK | SDJackson
79%
ORJefferson
79%
NC | SDJones
79%
NEKeith
79%
WAKittitas
79%
MSLafayette
79%
TXLeon
79%
TXLimestone
79%
ORLincoln
79%
MOLinn
79%
PALuzerne
79%
SDMellette
79%
MAMiddlesex
79%
IDMinidoka
79%
NYMonroe
79%
SDOglala Lakota
79%
SDPennington
79%
NEPerkins
79%
LAPlaquemines
79%
TXPolk
79%
MOPulaski
79%
MORandolph
79%
CORoutt
79%
TXRunnels
79%
NYSeneca
79%
ORSherman
79%
SDSpink
79%
TXStephens
79%
MDSt. Mary's
79%
PASusquehanna
79%
MDTalbot
79%
TXThrockmorton
79%
SDTodd
79%
KYTrigg
79%
WVUpshur
79%
GAWare
79%
ORWasco
79%
OKWashita
79%
KYWebster
79%
LAWest Baton Rouge
79%
MAWorcester
79%
GAWorth
79%
PAWyoming
79%
SDZiebach
79%
NEArthur
77%
MTBeaverhead
77%
OKBeckham
77%
IABlack Hawk
77%
MOBoone
77%
IDBoundary
77%
IABremer
77%
FLBrevard
77%
NEBrown
77%
IABuchanan
77%
IAButler
77%
OKCanadian
77%
IDCassia
77%
GACharlton
77%
ALClay
77%
PAColumbia
77%
ILCumberland
77%
FL | MSDeSoto
77%
TXDickens
77%
MIEaton
77%
TXErath
77%
MIGenesee
77%
IDGooding
77%
WVGrant
77%
MAHampden
77%
IAHardin
77%
CTHartford
77%
NEHayes
77%
NEHolt
77%
ORJackson
77%
IDJerome
77%
OKJohnston
77%
KSKiowa
77%
ORKlamath
77%
TXKnox
77%
ID | MT | NM | NVLincoln
77%
KYLogan
77%
SCMarlboro
77%
TXMcLennan
77%
NEMcPherson
77%
TNMontgomery
77%
KSMorton
77%
ILMoultrie
77%
KYMuhlenberg
77%
NENemaha
77%
NYOntario
77%
MOOzark
77%
NCRichmond
77%
KSStanton
77%
NHStrafford
77%
WYSublette
77%
KSSumner
77%
MSTate
77%
NMTorrance
77%
IDTwin Falls
77%
NY | OH | TNWayne
77%
OHWyandot
77%
MEYork
77%
LAAssumption
75%
FLBaker
75%
ALBullock
75%
MDCaroline
75%
IACerro Gordo
75%
ALColbert
75%
MOCooper
75%
KSCrawford
75%
SCDillon
75%
LAEast Baton Rouge
75%
TXFannin
75%
OKGarfield
75%
MOGrundy
75%
TXKaufman
75%
KSKearny
75%
TXKent
75%
TXLamar
75%
VALunenburg
75%
MIMacomb
75%
NCMontgomery
75%
TXMotley
75%
KSNess
75%
MSPanola
75%
KSPhillips
75%
ALPike
75%
NCRobeson
75%
MISaginaw
75%
NCScotland
75%
CASiskiyou
75%
TXSomervell
75%
MOTexas
75%
GATift
75%
WVWebster
75%
IAWinneshiek
75%
VAAccomack
74%
ALAutauga
74%
VABuena Vista
74%
TXCallahan
74%
ILColes
74%
TXConcho
74%
NHCoos
74%
ALCovington
74%
ILFord
74%
IAFranklin
74%
IAHancock
74%
TXHopkins
74%
MOHowell
74%
NEKeya Paha
74%
TXKing
74%
SC | VALexington
74%
CAMarin
74%
MSMarshall
74%
KYMcLean
74%
MNMeeker
74%
MOMiller
74%
UTMorgan
74%
NCOnslow
74%
OKPontotoc
74%
VARockbridge
74%
TXRockwall
74%
NCStokes
74%
NEValley
74%
UTWeber
74%
KSWoodson
74%
VAAmelia
72%
TXAngelina
72%
SDBeadle
72%
NCBladen
72%
LACaddo
72%
KSCowley
72%
TXEastland
72%
MNFillmore
72%
IAFloyd
72%
FLGlades
72%
MSGrenada
72%
IAGrundy
72%
TXHamilton
72%
KSKingman
72%
MILapeer
72%
ILLaSalle
72%
KSLyon
72%
OKMajor
72%
ILMason
72%
KYMcCracken
72%
MNMcLeod
72%
PAMercer
72%
IAMitchell
72%
TXNacogdoches
72%
MNNicollet
72%
PANorthumberland
72%
VANottoway
72%
MNOtter Tail
72%
MEOxford
72%
TXPanola
72%
ILPiatt
72%
WAPierce
72%
NERock
72%
KSRooks
72%
WIRusk
72%
UTSalt Lake
72%
CASan Francisco
72%
TNShelby
72%
MNSibley
72%
OKTexas
72%
WAThurston
72%
MNWaseca
72%
WYWashakie
72%
MNWilkin
72%
OKAlfalfa
70%
TXAndrews
70%
UTCache
70%
OKCaddo
70%
NJCape May
70%
KSCherokee
70%
NYClinton
70%
TXCoke
70%
TXCrosby
70%
TXDelta
70%
CAEl Dorado
70%
LAEvangeline
70%
NYFranklin
70%
OKGrant
70%
MIGratiot
70%
KSGreenwood
70%
SDGregory
70%
FLHendry
70%
FLHighlands
70%
NHHillsborough
70%
COMesa
70%
NDRichland
70%
TXSterling
70%
MNTraverse
70%
WIWashburn
70%
IAWinnebago
70%
MIArenac
68%
MIBay
68%
MNBig Stone
68%
OKBlaine
68%
WIBurnett
68%
TXCaldwell
68%
TXCherokee
68%
PACrawford
68%
SCDarlington
68%
UTDavis
68%
PAErie
68%
MAFranklin
68%
KSHamilton
68%
IAHoward
68%
SDJerauld
68%
MNKanabec
68%
OKKay
68%
WAKing
68%
WALewis
68%
WIMarinette
68%
ILMcLean
68%
CTNew Haven
68%
WIOconto
68%
MNOlmsted
68%
MNPine
68%
CAPlacer
68%
MNPolk
68%
SCRichland
68%
SDRoberts
68%
KSScott
68%
MASuffolk
68%
MNTodd
68%
NDTraill
68%
ILWoodford
68%
NYAllegany
67%
SDAurora
67%
SDBrule
67%
ILBureau
67%
PACentre
67%
NYChautauqua
67%
WAChelan
67%
NHCheshire
67%
OKCoal
67%
TXComanche
67%
ILDe Witt
67%
SDDouglas
67%
NYErie
67%
TXGonzales
67%
MNGrant
67%
MAHampshire
67%
FLHardee
67%
KSHarvey
67%
NEHooker
67%
SCLee
67%
ILLivingston
67%
FLManatee
67%
SCMarion
67%
MIMidland
67%
PAMontour
67%
MNNorman
67%
KSNorton
67%
TXReagan
67%
KSReno
67%
FLSarasota
67%
NDSargent
67%
KSSedgwick
67%
KSSherman
67%
ILStark
67%
NYSuffolk
67%
SCSumter
67%
MNSwift
67%
MITuscola
67%
LAVernon
67%
IAWorth
67%
IDBannock
65%
TXBell
65%
WABenton
65%
NEBoyd
65%
FLCharlotte
65%
SCClarendon
65%
MNClay
65%
PAClinton
65%
TXColeman
65%
FLCollier
65%
MNDouglas
65%
SDEdmunds
65%
SDFaulk
65%
FLFranklin
65%
COFremont
65%
NEGarden
65%
TXJones
65%
ILLee
65%
PALycoming
65%
ILMacon
65%
MNMahnomen
65%
KSMarion
65%
NDMorton
65%
IDOneida
65%
MNPope
65%
MNRenville
65%
TXSan Saba
65%
WISawyer
65%
TNScott
65%
NDSioux
65%
WASnohomish
65%
MNStevens
65%
PASullivan
65%
MSTallahatchie
65%
TXTravis
65%
PAUnion
65%
SCWilliamsburg
65%
TXAnderson
63%
TXBrown
63%
NVCarson City
63%
MICass
63%
SDCorson
63%
NDDickey
63%
NCForsyth
63%
MEFranklin
63%
KSGove
63%
KSGreeley
63%
ORHood River
63%
TXIrion
63%
WIKewaunee
63%
TXLampasas
63%
FLLee
63%
ILMarshall
63%
TXMills
63%
FLMonroe
63%
KSNeosho
63%
NCPender
63%
COPueblo
63%
MNRed Lake
63%
COSedgwick
63%
WASkamania
63%
MESomerset
63%
UTSummit
63%
TXTom Green
63%
UTWasatch
63%
TXWilliamson
63%
CAYuba
63%
TXArmstrong
61%
WIBrown
61%
KSButler
61%
SCCalhoun
61%
TXCarson
61%
SDCharles Mix
61%
KSCheyenne
61%
OKCimarron
61%
TXCoryell
61%
TXCrane
61%
MNDodge
61%
TXDonley
61%
WIDouglas
61%
UTEmery
61%
SCFlorence
61%
NEFurnas
61%
NDGrand Forks
61%
NEGrant
61%
TXGray
61%
AZGreenlee
61%
TXHall
61%
INLaGrange
61%
NMLuna
61%
WIManitowoc
61%
MNMarshall
61%
SDMcPherson
61%
KSMorris
61%
TXOchiltree
61%
SCOrangeburg
61%
MOOsage
61%
MNPennington
61%
PAPotter
61%
ILPutnam
61%
CASolano
61%
KSThomas
61%
KSWallace
61%
NYYates
61%
LAAcadia
60%
CAAlpine
60%
OKAtoka
60%
MOCole
60%
CODelta
60%
MTFallon
60%
COGarfield
60%
NMGrant
60%
TXHenderson
60%
NMHidalgo
60%
FLHillsborough
60%
SDHughes
60%
MIIron
60%
NDLaMoure
60%
OKLe Flore
60%
ORLinn
60%
TXMenard
60%
IDNez Perce
60%
NDOliver
60%
WIOutagamie
60%
ILPeoria
60%
COPhillips
60%
UTPiute
60%
TXPotter
60%
TXSan Augustine
60%
CASan Benito
60%
TXSchleicher
60%
KSSheridan
60%
MDSomerset
60%
LASt. Martin
60%
LASt. Mary
60%
TXSutton
60%
LAVermilion
60%
OKWoods
60%
WAAsotin
58%
OKChoctaw
58%
MNClearwater
58%
NCColumbus
58%
NVDouglas
58%
TXEctor
58%
TXGaines
58%
UTGarfield
58%
ORGrant
58%
WYHot Springs
58%
TXHutchinson
58%
MNKandiyohi
58%
CAKings
58%
ILKnox
58%
LALafayette
58%
IDLewis
58%
KSLogan
58%
TXMitchell
58%
NDMountrail
58%
VAPrince Edward
58%
COProwers
58%
LARapides
58%
LASabine
58%
CASan Joaquin
58%
CASanta Clara
58%
NESheridan
58%
DESussex
58%
PATioga
58%
CATulare
58%
CAVentura
58%
WIAshland
56%
TXBailey
56%
MABarnstable
56%
WYBig Horn
56%
PABradford
56%
SDBuffalo
56%
NDBurke
56%
WYCampbell
56%
MNCarlton
56%
KSChase
56%
NVClark
56%
NMCurry
56%
TXDawson
56%
LADe Soto
56%
MIDickinson
56%
SDFall River
56%
WIFlorence
56%
CAFresno
56%
MIGladwin
56%
HIHonolulu
56%
LAIberia
56%
KSLane
56%
TXMcCulloch
56%
MNMille Lacs
56%
COMontrose
56%
MIOntonagon
56%
TXParmer
56%
MTPowder River
56%
CASanta Cruz
56%
TXScurry
56%
WYSheridan
56%
MISt. Clair
56%
LASt. Landry
56%
NVStorey
56%
UTUtah
56%
TXWard
56%
UTWayne
56%
TXWheeler
56%
TXWinkler
56%
TXYoakum
56%
MNAitkin
54%
VAAppomattox
54%
TXBrazoria
54%
CACalaveras
54%
MTCarbon
54%
NEDeuel
54%
NEDundy
54%
OKEllis
54%
TXFalls
54%
TXGalveston
54%
IDLatah
54%
SDLyman
54%
NVLyon
54%
TXMartin
54%
MOMoniteau
54%
TXNolan
54%
MIOgemaw
54%
KSRawlins
54%
TXReeves
54%
MTRoosevelt
54%
TXShackelford
54%
MNStearns
54%
NYSteuben
54%
MTStillwater
54%
SDSully
54%
ILTazewell
54%
KSWichita
54%
MDWicomico
54%
MDWorcester
54%
LAAllen
53%
MIBaraga
53%
SDCampbell
53%
NDCass
53%
NYChemung
53%
MTDaniels
53%
HIHawaii
53%
SCHorry
53%
MIHoughton
53%
WYJohnson
53%
MIMarquette
53%
FLMartin
53%
MTMcCone
53%
TXMidland
53%
CANevada
53%
FLPalm Beach
53%
NDRenville
53%
MTRichland
53%
CASacramento
53%
MTSheridan
53%
SDTripp
53%
NDWard
53%
MTWibaux
53%
CAAmador
51%
SCBamberg
51%
NMBernalillo
51%
NDBillings
51%
TXBorden
51%
TXBrooks
51%
NCCarteret
51%
IDClearwater
51%
OKDewey
51%
NDEmmons
51%
TXGarza
51%
SCGeorgetown
51%
TXGuadalupe
51%
TXHansford
51%
COHuerfano
51%
MIHuron
51%
IDIdaho
51%
LAJefferson Davis
51%
TXKarnes
51%
MIKent
51%
FLLevy
51%
NMLos Alamos
51%
CAMariposa
51%
NDMcHenry
51%
NDMcKenzie
51%
FLOkeechobee
51%
TXRoberts
51%
NMRoosevelt
51%
MIRoscommon
51%
CASan Luis Obispo
51%
TXShelby
51%
TXSherman
51%
CASierra
51%
SDStanley
51%
MNSteele
51%
KSTrego
51%
OKWoodward
51%
NDBottineau
49%
CAButte
49%
NECheyenne
49%
CO | OKCuster
49%
NMDe Baca
49%
MNFreeborn
49%
TXGlasscock
49%
UTGrand
49%
AKHaines
49%
SDHand
49%
TXHays
49%
WIIron
49%
ILLogan
49%
TXLynn
49%
NDMcLean
49%
CAMerced
49%
MNMorrison
49%
TXPecos
49%
MEPiscataquis
49%
NMSandoval
49%
NMSanta Fe
49%
NYSchuyler
49%
TXTaylor
49%
MTYellowstone
49%
TXCochran
47%
TXComal
47%
KSDecatur
47%
SCDorchester
47%
WYFremont
47%
MIGogebic
47%
NDGolden Valley
47%
TXHoward
47%
AKJuneau
47%
TXLoving
47%
CAMadera
47%
TXMoore
47%
MNMower
47%
WAPacific
47%
KSPawnee
47%
CASan Diego
47%
NEScotts Bluff
47%
COAlamosa
46%
NEBox Butte
46%
MTCarter
46%
VACharlotte
46%
MICheboygan
46%
MTChouteau
46%
SCColleton
46%
COCostilla
46%
WYCrook
46%
TXDallam
46%
OKGrady
46%
SDHyde
46%
ORLane
46%
CAPlumas
46%
NDRansom
46%
OKRoger Mills
46%
TXSabine
46%
COSaguache
46%
UTSevier
46%
NESioux
46%
WASkagit
46%
CAStanislaus
46%
FLSt. Lucie
46%
CATuolumne
46%
ORUnion
46%
MNWadena
46%
WYWeston
46%
TXWilson
46%
AKAnchorage
44%
AZApache
44%
TXAransas
44%
TXAtascosa
44%
SCBeaufort
44%
SCBerkeley
44%
TXBexar
44%
MTBig Horn
44%
MICrawford
44%
ALCrenshaw
44%
ORCurry
44%
MT | SDCuster
44%
NDDunn
44%
NDGriggs
44%
TXHale
44%
SCHampton
44%
TXHemphill
44%
UTKane
44%
TXKleberg
44%
TXLive Oak
44%
AZMaricopa
44%
TXMedina
44%
MIMuskegon
44%
AZNavajo
44%
WYNiobrara
44%
TXNueces
44%
MIOscoda
44%
COOuray
44%
WYPark
44%
MTPrairie
44%
MTRosebud
44%
NDSteele
44%
MTSweet Grass
44%
TXTerry
44%
WYTeton
44%
NDWilliams
44%
MIAlcona
42%
MEAroostook
42%
TXBandera
42%
MNBecker
42%
TXBee
42%
IDBenewah
42%
TXBlanco
42%
UTBox Elder
42%
TXCastro
42%
ORCoos
42%
IDCuster
42%
NEDawes
42%
CADel Norte
42%
NDDivide
42%
NMDoña Ana
42%
ORDouglas
42%
TXFrio
42%
MTGolden Valley
42%
TXHidalgo
42%
FLIndian River
42%
HIKalawao
42%
IDLemhi
42%
MTLiberty
42%
TXLubbock
42%
HIMaui
42%
MTPetroleum
42%
UTSanpete
42%
WYUinta
42%
NDBarnes
40%
UTBeaver
40%
NDBenson
40%
MNBenton
40%
MTBlaine
40%
TXBriscoe
40%
TXDeaf Smith
40%
TXDuval
40%
NDEddy
40%
KSGraham
40%
MTHill
40%
COHinsdale
40%
NEHitchcock
40%
TXHockley
40%
MIIosco
40%
MNItasca
40%
TXJim Wells
40%
TXKenedy
40%
IDKootenai
40%
NDLogan
40%
CAMono
40%
MIMontmorency
40%
ORMorrow
40%
MTMusselshell
40%
COOtero
40%
MIOtsego
40%
WAPend Oreille
40%
NDPierce
40%
SDPotter
40%
NMQuay
40%
CORio Blanco
40%
NDStutsman
40%
MTTreasure
40%
MIAntrim
39%
MNCrow Wing
39%
NMEddy
39%
TXEl Paso
39%
NDFoster
39%
MTGarfield
39%
WYGoshen
39%
TXJeff Davis
39%
TXKendall
39%
NDKidder
39%
NEKimball
39%
NMLea
39%
MIMackinac
39%
NDMcIntosh
39%
WAOkanogan
39%
MTPondera
39%
TXPresidio
39%
TXRandall
39%
MISanilac
39%
KSStafford
39%
CATehama
39%
ORUmatilla
39%
NMUnion
39%
NDWells
39%
COArchuleta
37%
COBent
37%
NDBurleigh
37%
TXCulberson
37%
SDDewey
37%
FLEscambia
37%
ORGilliam
37%
TXHartley
37%
WAKlickitat
37%
WYLaramie
37%
OKMcIntosh
37%
CO | NVMineral
37%
MTPark
37%
MTPhillips
37%
WYPlatte
37%
NDRamsey
37%
NDRolette
37%
NDSheridan
37%
TXUpton
37%
MTValley
37%
SDWalworth
37%
WYAlbany
35%
MIAlpena
35%
NEBanner
35%
MIChippewa
35%
MIEmmet
35%
NVEureka
35%
MNHubbard
35%
TXHudspeth
35%
CAHumboldt
35%
TXJim Hogg
35%
HIKauai
35%
NVLander
35%
COLa Plata
35%
MTLewis and Clark
35%
ORMalheur
35%
TXMcMullen
35%
NDMercer
35%
OKMuskogee
35%
MANantucket
35%
NVNye
35%
IDPower
35%
KSPratt
35%
CASan Bernardino
35%
COSan Juan
35%
AZSanta Cruz
35%
MTToole
35%
NDTowner
35%
CATrinity
35%
WAWhatcom
35%
WAYakima
35%
TXZapata
35%
MNBeltrami
33%
TXBurnet
33%
MTCascade
33%
SCCharleston
33%
MICharlevoix
33%
MTDawson
33%
CODolores
33%
AKFairbanks North Star
33%
MTFergus
33%
TXFloyd
33%
MTGranite
33%
ORHarney
33%
CAImperial
33%
UTJuab
33%
TXKerr
33%
CALassen
33%
COMontezuma
33%
NDNelson
33%
TXOldham
33%
NDPembina
33%
MTPowell
33%
CARiverside
33%
COSan Miguel
33%
IDShoshone
33%
AKSoutheast Fairbanks
33%
MTTeton
33%
TXWillacy
33%
COBaca
32%
TXCameron
32%
MIDelta
32%
WIDoor
32%
UTDuchesne
32%
TXEdwards
32%
OKHaskell
32%
NVHumboldt
32%
CAInyo
32%
TXLa Salle
32%
MILeelanau
32%
MIMenominee
32%
NEMorrill
32%
AZPima
32%
AZPinal
32%
NM | UTSan Juan
32%
FLSanta Rosa
32%
TXSwisher
32%
TXTerrell
32%
UTTooele
32%
TXWebb
32%
MIAlger
30%
UTCarbon
30%
MNCass
30%
NVElko
30%
NVEsmeralda
30%
MTGlacier
30%
SCJasper
30%
MTJudith Basin
30%
TXKinney
30%
MNKoochiching
30%
UTMillard
30%
AKNome
30%
AKNorth Slope
30%
MTRavalli
30%
TXUvalde
30%
MTWheatland
30%
AZYuma
30%
COConejos
28%
TXDimmit
28%
TXGillespie
28%
MIKeweenaw
28%
MNKittson
28%
TXLamb
28%
AZMohave
28%
NCNew Hanover
28%
AKNorthwest Arctic
28%
MIPresque Isle
28%
OKPushmataha
28%
TXReal
28%
NERed Willow
28%
MNRoseau
28%
NDWalsh
28%
NVWashoe
28%
AKYukon-Koyukuk
28%
NCBrunswick
26%
NDCavalier
26%
NVChurchill
26%
TXCrockett
26%
AKDenali
26%
AZGila
26%
AZGraham
26%
NMHarding
26%
TXLipscomb
26%
TXLlano
26%
TXMaverick
26%
FLPinellas
26%
TXZavala
26%
WYCarbon
25%
AZCoconino
25%
CAKern
25%
MNLake of the Woods
25%
COLas Animas
25%
CAModoc
25%
NVPershing
25%
KSRush
25%
CASanta Barbara
25%
CAShasta
25%
AKSkagway
25%
NVWhite Pine
25%
AKKenai Peninsula
23%
OKLatimer
23%
TXMason
23%
MTMeagher
23%
CAMonterey
23%
NMOtero
23%
OKPittsburg
23%
TXSan Patricio
23%
TXVal Verde
23%
AZCochise
21%
WYConverse
21%
UTDaggett
21%
MILuce
21%
AKMatanuska-Susitna
21%
WYNatrona
21%
MISchoolcraft
21%
TXStarr
21%
AKDillingham
19%
TXKimble
19%
CORio Grande
19%
AKAleutians East
18%
AKAleutians West
18%
NMCatron
18%
AKKodiak Island
18%
NMMora
18%
UTUintah
18%
NMColfax
16%
AKKetchikan Gateway
16%
AKPetersburg
16%
AKPrince of Wales-Hyder
16%
NMSierra
16%
AKWrangell
16%
AKBethel
14%
TXBrewster
14%
NMGuadalupe
14%
AKKusilvak
14%
NMRio Arriba
14%
WYSweetwater
14%
NMTaos
14%
AZYavapai
14%
AZLa Paz
12%
COMoffat
12%
AKValdez-Cordova
12%
AKYakutat
12%
NMChaves
11%
NMCibola
11%
NMMcKinley
11%
NMSan Miguel
11%
AKSitka
11%
NMSocorro
11%
NMValencia
11%
AKHoonah-Angoon
9%

Score Distribution

Percentile by Number Answered

Percent of People with Each Score

Your Score History

You have not taken this quiz